| 000 | 01250nam a2200373 i 4500 | ||
|---|---|---|---|
| 001 | 56522 | ||
| 003 | KOSZ 005 | ||
| 005 | 20221215133959.0 | ||
| 008 | 081118s2008 pl f f |001 0 pol | ||
| 015 | _aPB 29824/2008 | ||
| 020 | _a9788360807668 | ||
| 040 |
_cWA N _aWA N _dKOSZ 005/HR |
||
| 046 | _k2008 | ||
| 080 | _a658.1/.5 | ||
| 080 | _a005 | ||
| 080 | _a(075.8) | ||
| 245 | 0 | 0 |
_aNowe kierunki w zarządzaniu : _bpodręcznik akademicki / _cred. nauk. Monika Kostera. |
| 260 |
_aWarszawa : _bWydawnictwa Akademickie i Profesjonalne, _c2008. |
||
| 300 |
_a580, [4] s. ; _c25 cm. |
||
| 336 |
_2rdacontent _aTekst _btxt |
||
| 337 |
_2rdamedia _aBez urządzenia pośredniczącego _bn |
||
| 338 |
_2rdacarrier _aWolumin _bnc |
||
| 380 | _aKsiążki | ||
| 388 | _a2001- | ||
| 504 | _aBibliogr. s. 551-566 i przy rozdz. Indeks. | ||
| 650 | 4 | _aOrganizacja | |
| 650 | 4 | _aZarządzanie | |
| 655 | 4 | _aPodręczniki akademickie | |
| 658 | _aZarządzanie i marketing | ||
| 700 | 1 |
_aKostera, Monika _d(1963- ) _eRedakcja |
|
| 710 | _aWydawnictwa Akademickie i Profesjonalne | ||
| 856 |
_uhttp://koha.tu.koszalin.pl/cgi-bin/koha/opac-detail.pl?biblionumber=56522 _yKatalog online BPK |
||
| 942 |
_cKS _2UKD |
||
| 999 |
_c56522 _d56522 |
||